Karta nemusí byť jediným platobným nástrojom

I keď sa platba v obchode zvyčajne spája aj s načítaním vernostnej karty alebo aplikácie, na iných miestach môže byť pohodlnejšie platiť iným nástrojom. Niektoré nositeľné zariadenia, tzv. wearables, majú potenciál nahradiť platobné funkcie smartfónov.

Salvato in:
Dettagli Bibliografici
Natura: Capitolo di libro
Lingua:slovacco
Soggetti:
Tags: Aggiungi Tag
Nessun Tag, puoi essere il primo ad aggiungerne!!

MARC

LEADER 00000naa a2200000 4500
001 0305052
005 20241112132221.6
041 0 |a slo 
044 |a SK 
245 1 0 |a Karta nemusí byť jediným platobným nástrojom 
520 |a I keď sa platba v obchode zvyčajne spája aj s načítaním vernostnej karty alebo aplikácie, na iných miestach môže byť pohodlnejšie platiť iným nástrojom. Niektoré nositeľné zariadenia, tzv. wearables, majú potenciál nahradiť platobné funkcie smartfónov. 
610 2 0 |a platby elektronické 
610 2 0 |a karty platobné 
610 2 0 |a aplikácie mobilné 
610 2 0 |a technológie nové 
610 2 0 |a technológie inteligentné